| 000 | 02870cam a2200313 4500500 | ||
|---|---|---|---|
| 005 | 20260111150335.0 | ||
| 041 | _afre | ||
| 042 | _adc | ||
| 100 | 1 | 0 |
_aJulien, Marie-Pierre _eauthor |
| 245 | 0 | 0 | _aQuand poussent les poils des garçons |
| 260 | _c2015. | ||
| 500 | _a53 | ||
| 520 | _aSi le symbolisme de la pilosité a longtemps mobilisé anthropologues et psychanalystes, les recherches récentes ont porté plus d’attention aux pratiques liées à la pilosité et aux normes dont elles sont porteuses. Cet article étudie la pilosité chez les garçons entre 9 et 13 ans en Lorraine et en Alsace. Il analyse les techniques du corps qui y sont liées, explore la catégorisation d’âge et de genre qu’elles engagent, ainsi que les discussions et négociations à la fois entre pairs et avec les adultes qu’elles provoquent. | ||
| 520 | _aAnthropologists and psychoanalysts have analyzed pilosity from a symbolist perspective. Recent researches focus on practices and their numerous norms. This article concerns 9-13 boys’ body hair. Their body technics related to hair, material culture, self technics, age and gender categorizations, talks with pairs and adults about are scrutinized. | ||
| 520 | _aSi el simbolismo de la pilosidad ha movilizado mucho tiempo a los antropólogos y psicoanalistas, las investigaciones recientes se han centrado más en las prácticas ligadas a la pilosidad, y en las normas que estas conllevan. Este artículo estudia la pilosidad en los chicos entre 9 y 13 años en Lorena y en Alsacia. Analiza las técnicas del cuerpo ligadas a este fenómeno, explora la categorización de edad y de género que estas producen, así como las discusiones y las negociaciones a la vez con los suyos y con los adultos que estas técnicas provocan. | ||
| 520 | _aWährend die Symbolik von Beharrung über lange Zeit Anthropologen und Psychoanalysten mobilisiert hat, widmen aktuelle Studien verstärkt den Praktiken, die mit Beharrung verbunden sind und den Normen, die sie implizieren, Aufmerksamkeit. Dieser Artikel untersucht die Beharrung bei Jungen, die zwischen 9 und 13 Jahren alt sind und in Lothringen und im Elsass aufwachsen. Der Artikel analysiert die Körpertechniken, die damit verbunden sind, die Alters- und Geschlechtskategorisierung, die sie implizieren, sowie die Diskussionen und Verhandlungen, die sie sowohl zwischen Gleichaltrigen als auch mit Erwachsenen auslösen. | ||
| 690 | _aâges de la vie | ||
| 690 | _acorps | ||
| 690 | _agarçons | ||
| 690 | _agenre | ||
| 690 | _apilosité | ||
| 690 | _abody | ||
| 690 | _aboys | ||
| 690 | _agender | ||
| 690 | _alife cycle | ||
| 690 | _apilosity | ||
| 786 | 0 | _nEthnologie française | 45 | 4 | 2015-10-19 | p. 677-684 | 0046-2616 | |
| 856 | 4 | 1 | _uhttps://shs.cairn.info/revue-ethnologie-francaise-2015-4-page-677?lang=fr&redirect-ssocas=7080 |
| 999 |
_c1637505 _d1637505 |
||